000 00463nam a2200181Ia 4500
008 100917s9999 xx 000 0 und d
082 _b927
100 _aखुपरेकर बाळकृष्ण माधव
245 _aअविमारक
260 _b---
_c1848
300 _a110
365 _b0
520 _aनाटक
630 _aअविमारक
650 _aनाटक
730 _aअविमारक
942 _cBOOK
999 _c606321
_d606318